000 00447cam a2200193ua 4500
001 9268
005 20260515114440.0
008 150225n ii |||gr||||Z||||||eng
040 _cMAIN
041 _aeng
082 _a824
100 _aAhuja, B. N.,
_eAuthor.,
245 1 _aGoodwill`s Latest essays
_cBy B. N. Ahuja
250 _a15th.
260 _aNew Delhi:
_bGoodwill,
_c1992.
300 _a364p.
653 _aEnglish essays
942 _cBK
999 _c8328
_d8328